书目信息 |
| 题名: |
爱情辫子
|
|
| 作者: | 小叶秀子 著 | |
| 分册: | ||
| 出版信息: | 沈阳 春风文艺出版社 1997 |
|
| 页数: | 359页 | |
| 开本: | 20cm | |
| 丛书名: | 布老虎丛书 | |
| 单 册: | ||
| 中图分类: | I247.57 | |
| 科图分类: | 44.5728 | |
| 主题词: | 长篇小说--中国--现代 | |
| 电子资源: | ||
| ISBN: | 7-5313-1834-2 | |
| 000 | 00643nam2 2200241 45 | |
| 001 | 0198028325 | |
| 005 | 20041010105247.36 | |
| 010 | @a7-5313-1834-2@dCNY 17.80 | |
| 100 | @a19980518d1997 em y0chiy0121 ea | |
| 101 | 0 | @achi |
| 102 | @aCN@b210000 | |
| 105 | @ay z 000ay | |
| 200 | 10 | @a爱情辫子@Aai qing bian zi@f小叶秀子著 |
| 210 | @a沈阳@c春风文艺出版社@d1997 | |
| 215 | @a359页@d20cm | |
| 225 | 2 | @a布老虎丛书 |
| 410 | 0 | @120010@a布老虎丛书 |
| 606 | @a长篇小说@y中国@z现代 | |
| 690 | @aI247.57@v3 | |
| 692 | @a44.5728@v2 | |
| 701 | 0 | @a小叶秀子@Axiao ye xiu zi@4著 |
| 801 | 0 | @aCN@bNLC@c20041010 |
| 905 | @a10447@dI247.57@eX386 | |
| 爱情辫子/小叶秀子著.-沈阳:春风文艺出版社,1997 |
| 359页;20cm.-(布老虎丛书) |
| ISBN 7-5313-1834-2:CNY 17.80 |
| ● |
| 相关链接 |
|
|
|
正题名:爱情辫子
索取号:I247.57/X386
 
预约/预借
| 序号 | 登录号 | 条形码 | 馆藏地/架位号 | 状态 | 备注 |
| 1 | 398659 | 203986598 | 自科二线404/108文学库 53排3列3层/ [索取号:I247.57/X386] | 在馆 | |
| 2 | 398660 | 203986605 | 社科二线422/422社科库 1排1列3层/ [索取号:I247.57/X386] | 在馆 | |
| 3 | 398661 | 203986614 | 自科二线404/108文学库 53排3列3层/ [索取号:I247.57/X386] | 在馆 |